01098nam a2200277 i 4500001000300000245015700003260003400160300004200194490008200236500005700318504006000375650002700435650002900462650003500491650002500526650001200551650002600563650002900589700004200618830007100660040000800731041002300739080000800762080000900770008004100779bg00aMetrologia w technikach wytwarzania maszyn Kielce'97 :bVII konferencja naukowo-techniczna.nT. 1 /c[Kom. Org. Stanisław Adamczak (przewodn.) et al.]. aKielce :bWydaw. PŚ,c1997. a327 s. :bfot., rys., wykr. ;c24 cm.1 aZeszyty Naukowe / Politechnika Świętokrzyska. Mechanika,x0239-4979 ;v63 aTekst część. w jęz. ang., czes., niem., pol. aBibliogr., rez., streszcz., summ., Zsfassung. przy ref. 4aDiagnostyka techniczna 4aInżynieria powierzchni 4aJakość wyrobówxkontrola 4aMaszynyxtechnologia 4aPomiary 4aPrzyrządy pomiarowe 4aMateriały konferencyjne1 aAdamczak, Stanisławd(1948- ).eRed. 0aZeszyty Naukowe (Politechnika Świętokrzyska).pMechanika ;v63 cBPK0 acsdeenplbcsdeenpl a621 a(06) s pl f |000 0 pol